Sports Quiz

Random Sports or Auto Racing Quiz

F1 Grand Slam Leaders Quiz Stats

Quiz not verified by Sporcle

Challenge
Share
Tweet
Embed
Score 0/13 Timer 05:00
0 Plays Today
Active Years Driver % Correct
2007-Lewis Hamilton
98.3%
1991-2006 2010-2012Michael Schumacher
96.7%
2007-Sebastian Vettel
95%
1984-1994Ayrton Senna
93.6%
1950-1951 1953-1958Juan Manuel Fangio
86.3%
1980-1992 1994-1995Nigel Mansell
84.9%
1965-1973Jackie Stewart
83.9%
2006-2016Nico Rosberg
83.9%
1960-1968Jim Clark
81.9%
1950-1955Alberto Ascari
80.6%
1991-2001Mika Häkkinen
78.3%
1978-1991Nelson Piquet
73.9%
1955-1970Jack Brabham
62.5%

You're not logged in!

Compare scores with friends on all Sporcle quizzes.
Join for Free
OR
Log In

You Might Also Like...

Show Comments

Extras

Top Quizzes Today


Score Distribution

Your Account Isn't Verified!

In order to create a playlist on Sporcle, you need to verify the email address you used during registration. Go to your Sporcle Settings to finish the process.

Report this User

Report this user for behavior that violates our Community Guidelines.

Details: